| 000 | 00345nam a2200121Ia 4500 | ||
|---|---|---|---|
| 008 | 170221s9999 xx 000 0 und d | ||
| 100 | _aCiorstan Smark | ||
| 245 | _aEditorial Volume 7 Issue 4 | ||
| 245 | _cCiorstan Smark, Greg Laing, and Ron Perrin | ||
| 260 | _c2014 | ||
| 650 | _xBusiness | ||
| 856 | _uhttp://ro.uow.edu.au/aabfj/vol7/iss4/1/ | ||
| 999 |
_c309479 _d309479 |
||